00274nam a22000977a 4500008004100000082001600041100002000057245004000077260005000117300000900167230704b xxu||||| |||| 00| 0 eng d a340.52bELI cT.Olawale Elias aThe Nature of African Customary Law aManchesterbManchester university pressc1956 a318p